Революция и Гражданская война в России. 1917-1922 гг. (Запись № 11408836)
[ простой вид ]
| 000 -МАРКЕР | |
|---|---|
| контрольное поле | 01778nam0a2200349 4500 |
| 001 - ИДЕНТИФИКАТОР ЗАПИСИ | |
| контрольное поле | RU\NLR\BIBL_A\011382424 |
| 005 - ИДЕНТИФИКАТОР ВЕРСИИ | |
| контрольное поле | 20241115073635.0 |
| 010 ## - МЕЖДУНАРОДНЫЙ СТАНДАРТНЫЙ НОМЕР КНИГИ (ISBN) | |
| Номер (ISBN) | 9785904552916 |
| Тираж | 1000 |
| 021 ## - НОМЕР ГОСУДАРСТВЕННОЙ РЕГИСТРАЦИИ | |
| Код страны | Российская Федерация |
| Номер | 2017-25836 |
| Номер Листа государственной регистраци | 1918 |
| 035 ## - ДРУГИЕ СИСТЕМНЫЕ НОМЕРА | |
| Идентификатор записи | (RuMoRGB)008851388 |
| 035 ## - ДРУГИЕ СИСТЕМНЫЕ НОМЕРА | |
| Идентификатор записи | (NLR Aleph) 011382424 |
| 100 ## - ДАННЫЕ ОБЩЕЙ ОБРАБОТКИ | |
| Данные общей обработки | 20170510d2017 k y0rusy50 ca |
| 101 0# - ЯЗЫК РЕСУРСА | |
| Язык текста, звукозаписи и т.д. | русский |
| 102 ## - СТРАНА ПУБЛИКАЦИИ ИЛИ ПРОИЗВОДСТВА | |
| Страна публикации | Российская Федерация |
| 105 ## - ПОЛЕ КОДИРОВАННЫХ ДАННЫХ: ТЕКСТОВЫЕ МАТЕРИАЛЫ, МОНОГРАФИЧЕСКИЕ | |
| Кодированные данные о монографическом текстовом документе | ach|zzzz0|1zd |
| 200 1# - ЗАГЛАВИЕ И СВЕДЕНИЯ ОБ ОТВЕТСТВЕННОСТИ | |
| Основное заглавие | Революция и Гражданская война в России. 1917-1922 гг. |
| Сведения, относящиеся к заглавию | фотоальбом |
| -- | [сборник статей |
| Первые сведения об ответственности | составители: Гагкуев Руслан Григорьевич, Цветков Василий Жанович |
| Последующие сведения об ответственности | научный редактор: Р. Г. Гагкуев, д. ист. н.] |
| 205 ## - СВЕДЕНИЯ ОБ ИЗДАНИИ | |
| Сведения об издании | [2-е изд. испр. и перераб.] |
| 210 ## - ПУБЛИКАЦИЯ, РАСПРОСТРАНЕНИЕ И ДР. | |
| Место издания, распространения и т.д. | Москва |
| Имя издателя, распространителя и т. д. | Достоинство |
| Дата издания, распространения и т.д. | 2017 |
| 215 ## - ФИЗИЧЕСКАЯ ХАРАКТЕРИСТИКА | |
| Специфическое обозначение материала и объем | 365, [3] с. |
| Другие сведения о физической характеристике | ил., портр., факс. |
| Размеры | 30 |
| 320 ## - ПРИМЕЧАНИЯ О НАЛИЧИИ В ДОКУМЕНТЕ БИБЛИОГРАФИИ / УКАЗАТЕЛЯ | |
| Текст примечания | Библиогр. в конце кн. |
| 606 ## - НАИМЕНОВАНИЕ ТЕМЫ КАК ПРЕДМЕТ | |
| Наименование темы | Гражданская война и военная интервенция в России |
| Формальный подзаголовок | Фотоальбомы |
| Хронологический подзаголовок | 1918 - 1920 |
| Системный номер авторитетной/нормативной записи | 2212606 |
| Идентификатор авторитетной/нормативной записи | RU\NLR\AUTH\661329092 |
| 606 ## - НАИМЕНОВАНИЕ ТЕМЫ КАК ПРЕДМЕТ | |
| Наименование темы | Февральская буржуазно-демократическая революция |
| Формальный подзаголовок | Фотоальбомы |
| Хронологический подзаголовок | 1917 |
| Системный номер авторитетной/нормативной записи | 1371335 |
| Идентификатор авторитетной/нормативной записи | RU\NLR\AUTH\66260730 |
| 606 ## - НАИМЕНОВАНИЕ ТЕМЫ КАК ПРЕДМЕТ | |
| Наименование темы | Великая Октябрьская социалистическая революция |
| Формальный подзаголовок | Фотоальбомы |
| Хронологический подзаголовок | 1917 |
| Системный номер авторитетной/нормативной записи | 912483 |
| Идентификатор авторитетной/нормативной записи | RU\NLR\AUTH\6613825 |
| 686 1# - ИНДЕКСЫ ДРУГИХ КЛАССИФИКАЦИЙ | |
| Индекс | Т3(2)712я61 |
| 686 1# - ИНДЕКСЫ ДРУГИХ КЛАССИФИКАЦИЙ | |
| Индекс | Т3(2)524.2я61 |
| 686 1# - ИНДЕКСЫ ДРУГИХ КЛАССИФИКАЦИЙ | |
| Индекс | Т3(2)711.2я61 |
| 702 #1 - ИМЯ ЛИЦА - ВТОРИЧНАЯ ОТВЕТСТВЕННОСТЬ | |
| Начальный элемент ввода | Гагкуев |
| Часть имени, кроме начального элемента ввода | Р. Г. |
| Расширение инициалов личного имени | Руслан Григорьевич |
| Код отношения | Составитель |
| 942 ## - ДОПОЛНИТЕЛЬНЫЕ ЭЛЕМЕНТЫ ЗАПИСИ (АБИС) | |
| Тип экземпляра АБИС | Книга |
| 980 ## - КОЛЛЕКЦИЯ | |
| Название коллекции | НБР |
Нет доступных экземпляров.